000
00373nam a22001337a 4500
082
_a
346.004 GAN
100
_a
Gandhi, B.M.
245
_a
Equity Trusts & Specific Relief /
_c
B.M. Gandhi
260
_a
Islamabad :
_b
Universal Publishers,
_c
2018.
300
_a
498 p. ;
_c
24 cm.
942
_2
ddc
_c
BK
999
_c
586948
_d
586948